Vaasan läänin kunnat 1935 - Statistics

Yleistilastot
  • Tätä visaa on pelattu 244 kertaa
  • Keskiarvotulos 72 / 102
Vastaustilastot
Kunnat % Oikein
Vaasa
93%
Alajärvi
91%
Isokyrö
91%
Seinäjoki
91%
Mustasaari
90%
Ähtäri
88%
Isojoki
88%
Kokkola
88%
Kristiinankaupunki
88%
Pietarsaari
88%
Alavus
87%
Ilmajoki
87%
Kauhava
87%
Närpiö
87%
Veteli
87%
Kauhajoki
86%
Kruunupyy
86%
Kurikka
86%
Lapua
86%
Laihia
83%
Maalahti
83%
Teuva
83%
Uusikaarlepyy
83%
Vimpeli
83%
Vöyri
83%
Karijoki
81%
Perho
81%
Alahärmä
80%
Kannus
80%
Kaustinen
80%
Kuortane
80%
Lappajärvi
80%
Lestijärvi
80%
Evijärvi
78%
Kaskinen
78%
Vähäkyrö
78%
Ylihärmä
78%
Kyyjärvi
77%
Oravainen
77%
Jyväskylä
75%
Soini
75%
Korsnäs
74%
Saarijärvi
74%
Ylistaro
74%
Halsua
72%
Jalasjärvi
72%
Ähtävä
71%
Jurva
71%
Kivijärvi
71%
Luoto
71%
Äänekoski
70%
Maksamaa
70%
Nurmo
70%
Jepua
68%
Kinnula
68%
Pihtipudas
68%
Toholampi
68%
Töysä
68%
Keuruu
67%
Peräseinäjoki
67%
Petäjävesi
67%
Uurainen
67%
Viitasaari
67%
Karstula
65%
Raippaluoto
65%
Seinäjoen mlk
65%
Alaveteli
64%
Jyväskylän mlk
64%
Kälviä
62%
Laukaa
62%
Öja
62%
Virrat
62%
Bergö
61%
Björköby
61%
Siipyy
61%
Ylimarkku
61%
Himanka
59%
Kannonkoski
58%
Multia
58%
Ullava
58%
Pietarsaaren mlk
57%
Sulva
57%
Konginkangas
55%
Kortesjärvi
55%
Lehtimäki
55%
Purmo
55%
Uudenkaarlepyyn mlk
55%
Äänekosken mlk
54%
Kaarlela
54%
Lapväärtti
54%
Toivakka
54%
Lohtaja
52%
Pirttikylä
52%
Munsala
51%
Teerijärvi
51%
Koivulahti
49%
Petolahti
49%
Pylkönmäki
49%
Suolahti
49%
Tiukka
49%
Pihlajavesi
48%
Sumiainen
46%
Ehtoja vastaavia visoja ei löytynyt
Tulosjakauma
Jokaisen tuloksen saaneiden osuus
Persentiili vastausten määrän mukaan
Tuloshistoriasi
Et ole pelannut tätä visaa